000 01247nam a22002297a 4500
999 _c58701
_d58701
003 Ge_BSU
005 20220701105014.0
008 220701s2008 ge ||||| |||| 00| 0 geo d
020 _a9789941121517
041 _ageo
080 _a338.48(075.8) ტ-92
245 _aტურიზმის მენეჯმენტი :
_b[სახელმძღვანელო] /
_cგიორგი შუბლაძე, ლარისა დოლიკაშვილი, გურამ ჯოლია, ნიკო ჩეკურიშვილი; რედაქტორი გიორგი შუბლაძე.
264 _aთბილისი,
_bუნივერსალი,
_c2008.
300 _a288 გვ.:
_b20 სმ.
504 _aბიბლიოგრ.: გვ. 308-311.
653 _aტურიზმის მენეჯმენტი
700 _aდოლიკაშვილი, ლარისა
_eავტორი
_95335
700 _aჯოლია, გურამ
_eავტორი
_914266
700 _aჩეკურიშვილი, ნინო
_eავტორი
_912863
700 _aშუბლაძე, გიორგი
_eრედაქტორი
_9572
942 _2udc
_cBK